Normal view
MARC view
- Tarrer Mustanser Hussain
Entry Personal Name
001 - CONTROL NUMBER
- control field: 9717
003 - CONTROL NUMBER IDENTIFIER
- control field: NUST
005 - DATE AND TIME OF LATEST TRANSACTION
- control field: 20180124143234.0
008 - FIXED-LENGTH DATA ELEMENTS
- fixed length control field: 180124|| aca||aabn | a|a d
040 ## - CATALOGING SOURCE
- Original cataloging agency: NUST
- Transcribing agency: NUST
100 ## - HEADING--PERSONAL NAME
- Personal name: Tarrer Mustanser Hussain
670 ## - SOURCE DATA FOUND
- Source citation: Work cat.: (NUST)322941: Tarrer Mustanser Hussain, Alaska Highway, 2011
